Disney Princes Anagrams - Statistics

General Stats
  • This quiz has been taken 52 times
  • The average score is 9 of 11
Answer Stats
Anagram Disney Prince % Correct
lddaain Aladdin
93%
reci Eric
91%
hllppi Phillip
91%
venean Naveen
89%
rmachnig Prince Charming
82%
jmsithhno John Smith
80%
sbeta Beast
73%
hsnag Shang
73%
rstffoki Kristoff
66%
ynnflrdire/gueeen Euguene | Flynn Rider
64%
friloan Florian
52%
No matching quizzes found
Score Distribution
Percent of People with Each Score
Percentile by Number Answered
Your Score History
You have not taken this quiz